| 000 | 01203nac a22003131u 4500 | ||
|---|---|---|---|
| 003 | EG-ScBUE | ||
| 005 | 20220327152321.0 | ||
| 008 | 200219n19uu ru a f 000 0 eng d | ||
| 040 |
_aEG-ScBUE _beng _erda _cEG-ScBUE _dEG-ScBUE |
||
| 041 | 1 |
_aeng _hrus |
|
| 043 | _ae-ur--- | ||
| 082 | 0 | 4 |
_a891.7342 _bSHO _222 |
| 100 | 1 |
_aSholokhov, Mikhail Aleksandrovich, _d1905-1984, _eauthor. |
|
| 245 | 1 | 0 |
_aAnd quiet flows the don : _ba novel in four books / _cMikhail Sholokhov ; translated from the Russian by Stephen Garry ; revised and completed by Robert Daglish. |
| 250 | _aSecond impression. | ||
| 264 | 1 |
_aMoscow : _bProgress Publishers, _c[19--?] |
|
| 300 |
_a1 volume : _billustrations ; _c17 cm |
||
| 336 |
_2rdacontent _atext _btxt |
||
| 337 |
_2rdamedia _aunmediated _bn |
||
| 338 |
_2rdacarrier _avolume _bnc |
||
| 546 | _aText in English ; translated from the original Russian. | ||
| 651 | 7 |
_aSoviet Union _xHistory _yRevolution, 1917-1921. _2BUEsh |
|
| 653 |
_bGGEN _cMarch2022 |
||
| 655 |
_aWar storie _vReading book |
||
| 700 | 1 |
_aGarry, Stephen, _etranslator. _939830 |
|
| 700 | 1 |
_aDaglish, Robert, _d1924-1987, _ereviewer. |
|
| 942 |
_cBB _2ddc |
||
| 999 |
_c1676 _d1676 |
||